2025 Texas Longhorns Football Starters - Statistics

General Stats
  • This quiz has been taken 8 times
  • The average score is 10 of 23
Answer Stats
Hint Answer % Correct
Quarterback Arch Manning
100%
Tight end Jack Endries
86%
Running back Quintrevion Wisner
86%
Edge Colin Simmons
71%
Free safety Michael Taaffe
71%
Wide Receiver Ryan Wingo
71%
MIKE Anthony Hill Jr.
57%
Wide Receiver DeAndre Moore Jr.
57%
Cornerback Malik Muhammad
57%
Wide Receiver Parker Livingstone
57%
SAM Trey Moore
57%
Edge Ethan Burke
43%
Strong safety Jelani McDonald
43%
Cornerback Kobe Black
43%
Left tackle Trevor Goosby
43%
Right guard D.J. Campbell
29%
Nickel Graceson Littleton
14%
WILL Liona Lefau
14%
Right tackle Brandon Baker
0%
Nose Tackle Cole Brevard
0%
Center Cole Hutson
0%
Left guard Neto Umeozulu
0%
Defensive Tackle Travis Shaw
0%
No matching quizzes found
Score Distribution
Percent of People with Each Score
Percentile by Number Answered
Your Score History
You have not taken this quiz